00580 a2200181 4500003000400000005001700004008004100021020001800062040000900080082001800089100002600107245003000133260003900163300000900202942004200211952012800253999001700381OSt20231226104142.0231226b |||||||| |||| 00| 0 eng d a9789350729021 coclc a891.43bKOH/M aKohli,Narendra910178 aMUHALLA /cNarendra Kohli aNew Delhi:bVani Prakashan,c2015. a151p 2ddccBKh891.43iKOH/Mk891.43mKOH/M 00102ddc40708LITaMESbMEScHINd2023-12-26l0o891.43 KOH/Mp43209r2023-12-26 10:42:22v195.00w2023-12-26yBKzGR6R3 c43575d43575